000 00540nam a22002057a 4500
003 koha_MIRAKIL
005 20231213100250.0
008 231213b |||||||| |||| 00| 0 ||| d
020 _b978-9-75476675-2
040 _aTR-IsEVY
_btur
_cTR-IsEVY
082 _aFIC AKB/Y
100 _aAkbal, Oktay.
245 0 _aYeşil ev
250 _a8. bs.
260 _bÖzyürek Yayınevi,
_c2013
300 _a109 s.
650 _aChildren's literature -- Fiction, Turkish.
650 _aÇocuk edebiyatı -- Roman, Türk.
942 _2ddc
_cBK
999 _c17184
_d17184